000 nam a22 7a 4500
999 _c10795
_d10795
008 180223b ||||| |||| 00| 0 eng d
100 _aBharat Scouts and Guides
_96636
245 _aAims, policy,rules and organisation
260 _aNew Delhi
_bBSG
_c2010